| 000 | 00777nam a2200241 a 4500 | ||
|---|---|---|---|
| 001 | 000009923 | ||
| 003 | DO-SdBNP | ||
| 005 | 20240412074213.0 | ||
| 007 | ta | ||
| 008 | 091002s2005 dr a r 001 p spa d | ||
| 040 |
_aDO-SdBNP _bspa _cBNPHU |
||
| 082 | 4 |
_aRD861.44 _bC577e _222 |
|
| 100 | 1 |
_aCiprián Ogando, Cornelio, _d1959- _928839 |
|
| 245 | 1 | 0 |
_aEntre la luz y la sombra / _cCornelio Ciprián Ogando ; prólogo Carlos Lebrón Saviñón. |
| 260 |
_aSanto Domingo : _bEtéreas, _c2005. |
||
| 300 |
_a136 p. : _bil. ; _c21 cm. |
||
| 590 | _aInventariado, 2018/BT | ||
| 650 | 0 |
_aPoesía dominicana _966 |
|
| 650 | 0 |
_aLiteratura dominicana. _967 |
|
| 700 | 1 |
_aLebrón Saviñón, Carlos, _epról. _924855 |
|
| 910 | _aValidado. Control de calidad. MMOLINA | ||
| 942 |
_2ddc _cLBS1 |
||
| 999 |
_c9682 _d9682 |
||